Представление документа в формате RUSMARC

ПолеНазваниеЗначение
  Тип записи a
  Библиографический уровень c
001 Контрольный номер RU/SLIB/B/208766765
005 Дата корректировки 20230109143607.5
010 Индекс ISBN __
d Цена 2-00
101 Язык документа 0_
a Язык текста rus
200 Заглавие и сведения об ответственности 0_
a Заглавие Собрание сочинений
f Первые сведения об ответственности В. П. Астафьев ; вступ. ст. В. Курбатова ; худож. Н. Усачев
b Общее обозначение материала Текст
i Наименование части Стародуб
i Наименование части Перевал
i Наименование части Звездопад
i Наименование части Пастух и пастушка
i Наименование части Ода русскому огороду
h Номер части Т. 1
210 Выходные данные 1_
a Место издания М.
c Издательство Молодая гвардия
d Дата издания 1979
215 Физическое описание __
a Объем 493 с., [1] л. портр.
606 Тематические рубрики __
a Основная рубрика Художественная литература
606 Тематические рубрики __
a Основная рубрика Русская литература XX в. (произведения)
610 Ключевые слова 0_
a Ключевые слова тема войны; тема любви; проза; писатели
686 Индексы других классификаций __
a Классификационный индекс 84(2Рос=Рус)6-4; ст84(2Рос=Рус)6-4
700 Автор _1
a Фамилия Астафьев
b Имя В. П.
4 Код отношения 070
702 Вторичная интеллектуальная ответственность _1
a Фамилия Курбатов
b Имя В.
4 Код отношения Автор предисловия и т.д.
4 Код отношения 080
702 Вторичная интеллектуальная ответственность _1
a Фамилия Усачев
b Имя Н.
4 Код отношения Художник
4 Код отношения 040
801 Источник записи _0
a Страна RU
b Организация Муниципальное бюджетное учреждение культуры "Централизованная библиотечная система" г. Сургут (Центральная городская библиотека им. А. С. Пушкина)
g Правила каталогизации КиК/Михайлова
801 Источник записи _1
a Страна RU
b Организация Муниципальное бюджетное учреждение культуры "Централизованная библиотечная система" г. Сургут (Центральная городская библиотека им. А. С. Пушкина)
g Правила каталогизации КиК/Михайлова
852 Данные о местонахождении __
j Шифр хранения 84(2Рос=Рус)6-4
i Авторский знак А 91
p Инвентарный номер 3114
901 Тип документа __
t Тип документа x
969 Тип издания __
a Тип издания сборник
990 Данные о заказе (DOS) __
j Количество экземпляров (DOS) 3
t N записи в КСУ для И/У (DOS) 199101